000
00262nam a22001097a 4500
082
_a
712.9561
_b
TAS
_c
D
100
_a
Tasarim, Apa
_9
45699
245
_a
A Gateway to Paradise
526
_a
0
_b
0
_c
0
_d
712_956100000000000_TAS
650
_a
MCE
_9
379
942
_2
ddc
_c
BK
999
_c
549168
_d
549168